000
00250nam a2200109Ia 4500
008
240625s9999 xx 000 0 und d
041
_a
eng
082
_a
425 RAO
100
_a
RAO A RAMA KRISHNA
245
_a
ENJOYING EVERYDAY ENGLISH
260
_c
2010
999
_c
35019
_d
35019